|
|
|
|
| LEADER |
00000nab a2200000 a 4500 |
| 001 |
vtls010713636 |
| 003 |
SK-MaSNL |
| 005 |
20260304191338.0 |
| 008 |
250709s1999 xo |||||||||||||||||slo| |
| 035 |
|
|
|a (urnnbn)urn:nbn:sk:snk:ar-a04azh
|
| 035 |
|
|
|a (uuid)71166d21-8ea6-49c4-9930-6d170e366ac7
|
| 035 |
|
|
|a urn:nbn:sk:snk-ab3gaa
|
| 040 |
|
|
|a SNKBUCL
|b slo
|c SNKBUCL
|e AACR2
|
| 041 |
0 |
|
|a eng
|
| 044 |
|
|
|a xo
|c SK
|
| 100 |
1 |
|
|a Clausen, J.
|4 aut
|9 1522929
|
| 245 |
1 |
0 |
|a CONDITIONAL QUANTUM STATE ENGINEERING AT BEAM SPLITTER ARRAYS
|c J. Clausen, M. Dakna, L. Knöll, D.-G. Welsch
|
| 700 |
1 |
|
|a Dakna, M.
|4 aut
|9 1383654
|
| 700 |
1 |
|
|a Knöll, L.
|4 aut
|9 1383656
|
| 700 |
1 |
|
|a Welsch, D.-G.
|4 aut
|9 1382514
|
| 773 |
0 |
|
|t Acta Physica Slovaca : fyzikálny časopis
|g Roč. 49, č. 4 (1999), s. 653-658
|
| 850 |
|
|
|a Slovenská národná knižnica
|
| 852 |
|
|
|a Slovenská národná knižnica
|
| 958 |
|
|
|a article1
|
| 958 |
|
|
|a OND
|
| 958 |
|
|
|a EUIPO
|
| 999 |
|
|
|c 3053544
|d 3055474
|